Statistics for Euro 2020 - do you know who scored the most goals ?

Click here to take the quiz!

General Stats

  • This quiz has been taken 17 times
  • The average score is 5 of 15

Answer Stats

GoalsPlayer% Correct
5Cristiano Ronaldo
93%
4Harry Kane
80%
5Patrik Schick
60%
4Romelu Lukaku
60%
3Raheem Sterling
53%
3Robert Lewandowski
53%
2Federico Chiesa
47%
3Alvaro Morata
40%
3Georginio Wijnaldum
27%
4Emil Forsberg
0%
3Haris Seferofic
0%
4Karam Benzema
0%
3Kasper Dolberg
0%
2Mikkel Damsgaard
0%
3Xherdan Shaqiri
0%

Score Distribution

Percentile by Number Answered

Percent of People with Each Score

Your Score History

You have not taken this quiz